[Event "Pere Noel"]
[Site "Montreal CAN"]
[Date "2018.12.29"]
[Round "4.10"]
[White "Voskanyan, Vahagn"]
[Black "Zhe, Jia"]
[Result "1-0"]
[WhiteElo "2304"]
[BlackElo "1951"]
[PlyCount "79"]
[EventDate "2018.12.26"]
[EventType "swiss"]
[EventRounds "5"]
[EventCountry "CAN"]

1. c4 c6 2. d4 d5 3. Nc3 Nf6 4. Nf3 dxc4 5. a4 Bf5 6. e3 e6 7. Bxc4 Bb4 8. O-O
O-O 9. Qe2 Bg6 10. Ne5 Nbd7 11. Nxg6 hxg6 12. Rd1 Qe7 13. e4 e5 14. d5 Nb6 15.
dxc6 bxc6 16. Ba6 Ba5 17. Bg5 Rad8 18. Qc2 Qc5 19. h3 Rd7 20. Rxd7 Nbxd7 21.
Rd1 Rb8 22. Rd2 Nf8 23. Be3 Qe7 24. Bc4 Bb4 25. Rd1 Bc5 26. Bxc5 Qxc5 27. Na2
Ne6 28. b4 Qe7 29. Bxe6 Qxe6 30. Rd2 Nh7 31. Qc5 a6 32. Nc1 Nf6 33. f3 Ne8 34.
Qc3 Rc8 35. Nb3 Nc7 36. Nc5 Qe8 37. Rd6 a5 38. bxa5 Ra8 39. Nd3 f6 40. Rxc6 1-0

[Event "Pere Noel"]
[Site "Montreal CAN"]
[Date "2018.12.29"]
[Round "4.11"]
[White "Page, Dany"]
[Black "Guipi Bopala, Prince Eric jr"]
[Result "1-0"]
[WhiteElo "1684"]
[BlackElo "1797"]
[PlyCount "121"]
[EventDate "2018.12.26"]
[EventType "swiss"]
[EventRounds "5"]
[EventCountry "CAN"]

1. e4 e5 2. Nf3 Nc6 3. Bc4 Bc5 4. d3 Nf6 5. c3 d6 6. O-O a6 7. a4 O-O 8. Nbd2
h6 9. h3 Ba7 10. Re1 Ne7 11. Nf1 Ng6 12. Ng3 c6 13. Ba2 Qc7 14. d4 d5 15. exd5
exd4 16. Nxd4 Nxd5 17. Bb1 Ndf4 18. Be3 Bd7 19. Bc2 Rad8 20. Qc1 c5 21. Nde2
Bb8 22. Bxg6 Nxg6 23. Bxh6 gxh6 24. Qxh6 Qe5 25. Nh5 Qh8 26. Qg5 Qe5 27. Qh6
Qh8 28. Qg5 Qe5 29. Qh6 Qh8 30. Qg5 Be8 31. Qxd8 Qxh5 32. Qxb8 Bb5 33. Ng3 Qd5
34. Ne4 Kh8 35. Qd6 Qxd6 36. Nxd6 Bc6 37. a5 Kg7 38. Nf5+ Kf6 39. Ng3 Nf4 40.
Ne4+ Kf5 41. g4+ Kg6 42. Kh2 Rh8 43. Re3 Bxe4 44. Rxe4 Rxh3+ 45. Kg1 Kg5 46.
Raa4 Rf3 47. Re3 Kxg4 48. Rxf3 Kxf3 49. Kf1 Nd3 50. Rc4 f5 51. b4 Nxf2 52. Rxc5
f4 53. Rc7 Ne4 54. c4 Ke3 55. b5 f3 56. Re7 Kd4 57. Rxb7 Ke3 58. Re7 axb5 59.
a6 bxc4 60. Rxe4+ Kxe4 61. a7 1-0

[Event "Pere Noel"]
[Site "Montreal CAN"]
[Date "2018.12.29"]
[Round "4.12"]
[White "Craciun, David"]
[Black "Salazar, Andres"]
[Result "1-0"]
[WhiteElo "1955"]
[BlackElo "1768"]
[PlyCount "121"]
[EventDate "2018.12.26"]
[EventType "swiss"]
[EventRounds "5"]
[EventCountry "CAN"]

1. d4 c5 2. e3 d5 3. c3 Nf6 4. Bd3 Nc6 5. f4 e6 6. Nf3 cxd4 7. exd4 Bd6 8. O-O
O-O 9. Ne5 Qb6 10. Kh1 Ne4 11. Nd2 f5 12. Ndf3 Qd8 13. Qb3 Na5 14. Qc2 Qe8 15.
a4 a6 16. b4 Nc6 17. Qb3 Rb8 18. b5 Na5 19. Qc2 Rf6 20. Ba3 Bxa3 21. Rxa3 Qe7
22. Qb2 Qc7 23. Qb4 Qb6 24. Kg1 Nd6 25. Rb1 Nac4 26. Bxc4 a5 27. Qc5 Nxc4 28.
Nxc4 Qxc5 29. dxc5 dxc4 30. Ne5 Rf8 31. Rd1 Re8 32. Nxc4 Ra8 33. Ne5 Kf8 34. c4
Ke7 35. Rad3 h6 36. c6 bxc6 37. Nxc6+ Kf6 38. c5 Bb7 39. Ne5 Bd5 40. b6 g5 41.
g3 gxf4 42. gxf4 Rac8 43. Rxd5 exd5 44. b7 Rc7 45. c6 Ke6 46. Rb1 Rb8 47. Rb5
Kd6 48. Rb6 Re7 49. Ra6 Kc7 50. Kf2 d4 51. Ke2 Rg7 52. Kd3 h5 53. Ra8 Rgg8 54.
Rxb8 Rxb8 55. Nd7 Re8 56. b8=Q+ Rxb8 57. Nxb8 Kxb8 58. Kxd4 h4 59. Kc5 Kc8 60.
Kb6 Kb8 61. h3 1-0

[Event "Pere Noel"]
[Site "Montreal CAN"]
[Date "2018.12.29"]
[Round "4.13"]
[White "Mercure, Gilbert"]
[Black "Jean, Robert"]
[Result "1-0"]
[WhiteElo "1944"]
[BlackElo "1726"]
[PlyCount "57"]
[EventDate "2018.12.26"]
[EventType "swiss"]
[EventRounds "5"]
[EventCountry "CAN"]

1. e4 c5 2. d4 cxd4 3. c3 Nf6 4. e5 Nd5 5. Bc4 e6 6. Nf3 Qc7 7. Qxd4 Nc6 8. Qe4
f5 9. Qe2 Nde7 10. O-O Ng6 11. Re1 Be7 12. Bb3 O-O 13. Na3 Bxa3 14. bxa3 a5 15.
a4 b6 16. Ba3 Re8 17. Bd6 Qa7 18. h4 Nd8 19. h5 Nf4 20. Qd2 Nxh5 21. Nd4 Ba6
22. Nxf5 g6 23. Nh6+ Kh8 24. Qg5 Nb7 25. Be7 Nc5 26. Bf6+ Ng7 27. Bxg7+ Kxg7
28. Qf6+ Kxh6 29. Re3 1-0

[Event "Pere Noel"]
[Site "Montreal CAN"]
[Date "2018.12.29"]
[Round "4.14"]
[White "Goldner, John"]
[Black "Chang, Alexander RZ"]
[Result "0-1"]
[WhiteElo "1672"]
[BlackElo "1918"]
[PlyCount "110"]
[EventDate "2018.12.26"]
[EventType "swiss"]
[EventRounds "5"]
[EventCountry "CAN"]

1. e4 e5 2. Nf3 Nc6 3. Bb5 a6 4. Ba4 Nf6 5. d3 b5 6. Bb3 Be7 7. O-O d6 8. c3
O-O 9. Re1 Na5 10. Bc2 c5 11. Nbd2 Nc6 12. Nf1 Be6 13. d4 cxd4 14. cxd4 exd4
15. Nxd4 Nxd4 16. Qxd4 Rc8 17. Bd3 d5 18. e5 Bc5 19. Qh4 Ne4 20. Qxd8 Bxf2+ 21.
Kh1 Rfxd8 22. Re2 Bg4 23. Rc2 Rxc2 24. Bxc2 Be2 25. Nd2 Nxd2 26. Bxd2 d4 27.
Be4 Rc8 28. g3 d3 29. Rc1 Rxc1+ 30. Bxc1 Be1 31. Bb7 a5 32. a4 d2 33. Bxd2 Bxd2
34. axb5 Bxb5 35. Bd5 Kf8 36. Kg2 Ke7 37. Kf3 a4 38. Ba2 Bc1 39. b3 a3 40. Ke4
Bd2 41. Kd5 Bb4 42. Bb1 g6 43. Ba2 Kd7 44. Bb1 Bd3 45. Ba2 Kc7 46. Kd4 Bf5 47.
Kc4 Bf8 48. Kd4 Kc6 49. Kc4 Be6+ 50. Kd4 Bc5+ 51. Ke4 Kb5 52. Kd3 Kb4 53. Kc2
Bf5+ 54. Kd2 Bd4 55. e6 fxe6 0-1

[Event "Pere Noel"]
[Site "Montreal CAN"]
[Date "2018.12.29"]
[Round "4.15"]
[White "Gagnon, Serge"]
[Black "Steinberg, Ellis"]
[Result "1-0"]
[WhiteElo "1961"]
[BlackElo "1929"]
[PlyCount "95"]
[EventDate "2018.12.26"]
[EventType "swiss"]
[EventRounds "5"]
[EventCountry "CAN"]

1. d4 Nf6 2. c4 g6 3. Nc3 Bg7 4. e4 d6 5. Nf3 O-O 6. Be2 e5 7. O-O Nc6 8. d5
Ne7 9. Ne1 Ne8 10. Be3 f5 11. f3 f4 12. Bf2 g5 13. c5 Rf6 14. Rc1 Rg6 15. g4 h5
16. h3 Rh6 17. Nd3 Kf7 18. Kg2 Ng6 19. cxd6 cxd6 20. Rc2 hxg4 21. hxg4 Nh4+ 22.
Bxh4 Rxh4 23. Rh1 Rxh1 24. Qxh1 Bd7 25. Nf2 Rc8 26. Rc1 Qf6 27. Bb5 Bxb5 28.
Nxb5 Rxc1 29. Qxc1 a6 30. Nc7 Nxc7 31. Qxc7+ Qe7 32. Qc8 Bf8 33. Nh3 Bh6 34.
Kf2 Kg6 35. Ke2 Qf7 36. Kd3 Bg7 37. Qf5+ Qxf5 38. exf5+ Kf6 39. Nf2 Ke7 40. Ne4
Bf6 41. Kc4 b6 42. Kb4 Kf7 43. Nxd6+ Kf8 44. Ne4 Bd8 45. d6 Ke8 46. Kc4 Kd7 47.
Kd5 a5 48. Kxe5 1-0

[Event "Pere Noel"]
[Site "Montreal CAN"]
[Date "2018.12.29"]
[Round "4.16"]
[White "Mahdjoubi, Abdelaziz"]
[Black "Fareh, Youness"]
[Result "1-0"]
[WhiteElo "1885"]
[BlackElo "1978"]
[PlyCount "88"]
[EventDate "2018.12.26"]
[EventType "swiss"]
[EventRounds "5"]
[EventCountry "CAN"]

1. e4 c5 2. Nf3 Nc6 3. d4 cxd4 4. Nxd4 Nf6 5. Nc3 e6 6. Ndb5 Bb4 7. Nd6+ Ke7 8.
Nxc8+ Rxc8 9. Bd2 Qb6 10. Bd3 Ne5 11. O-O Nxd3 12. cxd3 Bd6 13. Rb1 Rhd8 14.
Be3 Qa5 15. f4 Bb4 16. Bd2 Kf8 17. f5 Kg8 18. Kh1 e5 19. a3 Bxc3 20. bxc3 Qc5
21. c4 Qxa3 22. Be3 Rb8 23. Ra1 Qc3 24. Rxa7 b5 25. Bg5 bxc4 26. Bxf6 gxf6 27.
Rf3 Qd4 28. Ra4 Rdc8 29. h3 Rb2 30. Rg3+ Kf8 31. Qa1 Rcb8 32. Kh2 d6 33. Rf3 h5
34. Kg3 Kg7 35. Kh4 Qc3 36. Rxc4 Qd2 37. Rg3+ Kh6 38. Qf1 R8b3 39. Rc8 Qg5+ 40.
Rxg5 fxg5+ 41. Kg3 Rd2 42. f6 Rdxd3+ 43. Kh2 g4 44. Rh8+ Kg5 1-0

[Event "Pere Noel"]
[Site "Montreal CAN"]
[Date "2018.12.30"]
[Round "5.3"]
[White "Latreche, Sabrina"]
[Black "Huang, Qiuyu"]
[Result "0-1"]
[WhiteElo "2183"]
[BlackElo "2224"]
[PlyCount "42"]
[EventDate "2018.12.26"]
[EventType "swiss"]
[EventRounds "5"]
[EventCountry "CAN"]

1. e4 c5 2. Nf3 Nc6 3. Bb5 g6 4. O-O Bg7 5. c3 e5 6. d4 cxd4 7. cxd4 Nxd4 8.
Nxd4 exd4 9. e5 Ne7 10. Qxd4 O-O 11. Bg5 Nf5 12. Qd2 Qb6 13. Bxd7 Bxd7 14. Qxd7
h6 15. Bc1 Rfd8 16. Qa4 Bxe5 17. Nd2 Rd4 18. Qc2 Bxh2+ 19. Kh1 Rh4 20. Nf3 Nd4
21. Nxd4 Qxd4 0-1

[Event "Pere Noel"]
[Site "Montreal CAN"]
[Date "2018.12.30"]
[Round "5.4"]
[White "Richard, Leo"]
[Black "Saha, Ananda"]
[Result "1-0"]
[WhiteElo "1934"]
[BlackElo "2179"]
[PlyCount "99"]
[EventDate "2018.12.26"]
[EventType "swiss"]
[EventRounds "5"]
[EventCountry "CAN"]

1. b3 d5 2. Bb2 Nf6 3. e3 c5 4. Nf3 Nc6 5. Bb5 e6 6. Ne5 Qc7 7. O-O a6 8. Bxc6+
bxc6 9. f4 a5 10. d3 Ba6 11. Nd2 a4 12. c4 Bd6 13. g4 O-O 14. g5 Nd7 15. Nxd7
Qxd7 16. Qh5 a3 17. Bc3 d4 18. exd4 cxd4 19. Bxd4 Bb4 20. Nf3 c5 21. Bf6 gxf6
22. gxf6 Kh8 23. Ng5 Qxd3 24. f5 Qd4+ 25. Kg2 Bb7+ 26. Kh3 Qd3+ 27. Rf3 Qxf3+
28. Nxf3 Be4 29. fxe6 fxe6 30. Qe5 Bf5+ 31. Kh4 h6 32. Rg1 Rf7 33. Kh5 Raf8 34.
Nh4 Bd2 35. Nxf5 exf5 36. Rg7 Rxf6 37. Rg6 Bg5 38. h4 Kh7 39. hxg5 Rxg6 40.
Qe7+ Rg7 41. Qxf8 Rxg5+ 42. Kh4 Rg4+ 43. Kh3 Kg6 44. Qxc5 h5 45. Qxa3 h4 46.
Qd6+ Kg5 47. Qd2+ Kh5 48. c5 Rg3+ 49. Kh2 Kg4 50. Qe2+ 1-0

[Event "Pere Noel"]
[Site "Montreal CAN"]
[Date "2018.12.30"]
[Round "5.5"]
[White "Voskanyan, Vahagn"]
[Black "Durette, Francis"]
[Result "0-1"]
[WhiteElo "2304"]
[BlackElo "2105"]
[PlyCount "74"]
[EventDate "2018.12.26"]
[EventType "swiss"]
[EventRounds "5"]
[EventCountry "CAN"]

1. c4 g6 2. g3 Bg7 3. Bg2 Nf6 4. Nc3 O-O 5. d4 d6 6. Nf3 Nc6 7. h3 e5 8. Be3
Nd7 9. Qd2 exd4 10. Nxd4 Nxd4 11. Bxd4 Ne5 12. b3 f5 13. Be3 Nf7 14. O-O c6 15.
Rfd1 Qe7 16. Bd4 Bh6 17. f4 g5 18. e4 gxf4 19. gxf4 Qh4 20. Rf1 Nd8 21. e5 Ne6
22. Ne2 Nxd4 23. Qxd4 dxe5 24. Qc5 e4 25. Rad1 Be6 26. Rd6 Rfe8 27. Rxe6 Rxe6
28. Qxf5 Re7 29. Rd1 Rf8 30. Qc5 Rg7 31. Qe5 Bxf4 32. Qe6+ Kh8 33. Qxe4 Bh2+
34. Kxh2 Qxe4 35. Bxe4 Rf2+ 36. Kh1 Rxe2 37. Bb1 Rge7 0-1

[Event "Pere Noel"]
[Site "Montreal CAN"]
[Date "2018.12.30"]
[Round "5.6"]
[White "Zheng, Richard"]
[Black "Ouellet, Maili-Jade"]
[Result "0-1"]
[WhiteElo "2052"]
[BlackElo "2247"]
[PlyCount "158"]
[EventDate "2018.12.26"]
[EventType "swiss"]
[EventRounds "5"]
[EventCountry "CAN"]

1. d4 d5 2. c4 e6 3. Nc3 Nf6 4. cxd5 exd5 5. Bg5 Be7 6. Qc2 O-O 7. e3 Nbd7 8.
Bd3 c6 9. Nge2 Re8 10. O-O Nf8 11. Rfe1 Nh5 12. Bxe7 Qxe7 13. Ng3 Nxg3 14. hxg3
Be6 15. Rad1 Rad8 16. e4 dxe4 17. Bxe4 Qb4 18. d5 Bxd5 19. Bxd5 Rxe1+ 20. Rxe1
cxd5 21. Rd1 d4 22. Ne2 Ne6 23. Nc1 g6 24. Nd3 Qa5 25. a3 Qc7 26. Qa4 Qc6 27.
Qxc6 bxc6 28. Rc1 Rc8 29. b4 f6 30. Kf1 Kf7 31. Ke2 a5 32. Nc5 axb4 33. axb4
Nc7 34. Nb3 Nd5 35. Rc4 Rb8 36. Kd3 Nxb4+ 37. Kxd4 Ke7 38. Nc5 Rd8+ 39. Ke3
Nd5+ 40. Kf3 Ra8 41. g4 Ra3+ 42. Ke4 Nc3+ 43. Kf4 Nd5+ 44. Ke4 Ra2 45. Nd3 Kd6
46. g3 Re2+ 47. Kf3 Rd2 48. Nc5 Rb2 49. Ne4+ Ke5 50. Nc5 Rd2 51. Re4+ Kd6 52.
Rc4 Ra2 53. Ne4+ Ke5 54. Nc5 Ra3+ 55. Kg2 Kd6 56. Ne4+ Kc7 57. Nc5 Ra7 58. Kf3
Kb6 59. Ke4 Kb5 60. Rc2 Nb4 61. Rc3 Re7+ 62. Kf3 Nd5 63. Rc1 Ra7 64. Rc2 Ra3+
65. Ke4 Rc3 66. Ne6 Rxc2 67. Nd4+ Kc4 68. Nxc2 Nc3+ 69. Ke3 c5 70. f3 Nd5+ 71.
Ke4 Nc3+ 72. Ke3 Kb3 73. Kd2 Nd5 74. Kc1 c4 75. f4 Kc3 76. Na3 Kd3 77. Nb5 Nc3
78. Nd6 Ne2+ 79. Kd1 c3 0-1

[Event "Pere Noel"]
[Site "Montreal CAN"]
[Date "2018.12.30"]
[Round "5.7"]
[White "Beaulieu, Eric"]
[Black "Pare, Marc"]
[Result "1-0"]
[WhiteElo "2244"]
[BlackElo "1980"]
[PlyCount "59"]
[EventDate "2018.12.26"]
[EventType "swiss"]
[EventRounds "5"]
[EventCountry "CAN"]

1. d4 f5 2. Nf3 Nf6 3. c4 e6 4. g3 d5 5. Bg2 c6 6. O-O Bd6 7. b3 Ne4 8. Ba3
Bxa3 9. Nxa3 Nd7 10. Nc2 Qf6 11. Nce1 g5 12. Nd3 h5 13. Nfe5 h4 14. g4 fxg4 15.
f3 gxf3 16. Rxf3 Qg7 17. Rf7 Qg8 18. c5 Rh7 19. Rf1 g4 20. Rf4 Ndf6 21. Qf1 h3
22. Bxe4 Nxe4 23. Rxg4 Rg7 24. Qxh3 Bd7 25. Qh4 Nf6 26. Rxg7 Qxg7+ 27. Kh1
O-O-O 28. Rg1 Rh8 29. Rxg7 Rxh4 30. Rg6 1-0

[Event "Pere Noel"]
[Site "Montreal CAN"]
[Date "2018.12.30"]
[Round "5.8"]
[White "Li, Yi Lin"]
[Black "Mercure, Gilbert"]
[Result "1-0"]
[WhiteElo "2068"]
[BlackElo "1944"]
[PlyCount "39"]
[EventDate "2018.12.26"]
[EventType "swiss"]
[EventRounds "5"]
[EventCountry "CAN"]

1. e4 d5 2. exd5 Nf6 3. c4 e6 4. dxe6 Bxe6 5. Nf3 Qe7 6. Qe2 Nc6 7. d4 Nb4 8.
Na3 Nd3+ 9. Qxd3 Bxc4+ 10. Qe3 Be6 11. Bd3 Qb4+ 12. Qd2 Qb6 13. O-O O-O-O 14.
Qc2 Nd5 15. Nc4 Qa6 16. Ne3 Qb6 17. Nxd5 Rxd5 18. Be3 g5 19. Be4 Rb5 20. d5 1-0

[Event "Pere Noel"]
[Site "Montreal CAN"]
[Date "2018.12.30"]
[Round "5.9"]
[White "Chang, Alexander RZ"]
[Black "Page, Dany"]
[Result "1-0"]
[WhiteElo "1918"]
[BlackElo "1684"]
[PlyCount "47"]
[EventDate "2018.12.26"]
[EventType "swiss"]
[EventRounds "5"]
[EventCountry "CAN"]

1. e4 c5 2. Nf3 d6 3. d4 cxd4 4. Nxd4 Nf6 5. Nc3 a6 6. Bg5 e6 7. f4 h6 8. Bxf6
Qxf6 9. Qd2 Nd7 10. O-O-O Qd8 11. g4 Be7 12. Kb1 Nc5 13. f5 Bd7 14. Bg2 Qa5 15.
h4 O-O-O 16. Nd5 Qxd2 17. Nxe7+ Kb8 18. Rxd2 Rhe8 19. fxe6 Rxe7 20. exd7 Nxe4
21. Re2 d5 22. Bxe4 dxe4 23. Rhe1 Rexd7 24. c3 1-0

[Event "Pere Noel"]
[Site "Montreal CAN"]
[Date "2018.12.30"]
[Round "5.10"]
[White "Craciun, David"]
[Black "Gagnon, Serge"]
[Result "1-0"]
[WhiteElo "1955"]
[BlackElo "1961"]
[PlyCount "63"]
[EventDate "2018.12.26"]
[EventType "swiss"]
[EventRounds "5"]
[EventCountry "CAN"]

1. d4 d6 2. c4 e5 3. Nf3 Nc6 4. d5 Nce7 5. Nc3 g6 6. g3 Bh6 7. Bg2 Kf8 8. O-O
Kg7 9. b4 a5 10. b5 Bxc1 11. Qxc1 b6 12. Qb2 Bg4 13. Ne1 Qd7 14. e4 g5 15. f4
gxf4 16. gxf4 exf4 17. Ne2+ f6 18. Nxf4 Ng6 19. Ned3 Nxf4 20. Nxf4 Qe8 21. Bf3
Bd7 22. Qg2+ Kf8 23. Bg4 Bxg4 24. Qxg4 Qf7 25. Nh5 Ke7 26. Qh4 Qg6+ 27. Kh1 Qg5
28. Qxg5 fxg5 29. Rf5 g4 30. Raf1 Nh6 31. Rf6 Rag8 32. Re6+ 1-0

[Event "Pere Noel"]
[Site "Montreal CAN"]
[Date "2018.12.30"]
[Round "5.11"]
[White "Ghanbari, Nader Hadji"]
[Black "Tremblay, Alain"]
[Result "1/2-1/2"]
[WhiteElo "1969"]
[BlackElo "2111"]
[PlyCount "90"]
[EventDate "2018.12.26"]
[EventType "swiss"]
[EventRounds "5"]
[EventCountry "CAN"]

1. e3 Nf6 2. Nf3 e6 3. c4 d5 4. b3 c6 5. Bb2 Nbd7 6. Be2 Bd6 7. O-O O-O 8. d3
Re8 9. Nbd2 e5 10. cxd5 cxd5 11. e4 d4 12. Nh4 Bf8 13. g3 Nb8 14. Ng2 Bh3 15.
f4 Nc6 16. Nc4 Nd7 17. Rf2 b5 18. Nxe5 Ndxe5 19. fxe5 Bxg2 20. e6 Rxe6 21. Kxg2
Ne5 22. Rf5 g6 23. Rf2 Rc6 24. Rc1 Rac8 25. Rxc6 Rxc6 26. Qa1 Bc5 27. Rf1 Bb6
28. Rc1 Qd7 29. Rxc6 Qxc6 30. Qc1 Qxc1 31. Bxc1 b4 32. a3 a5 33. axb4 axb4 34.
Bg5 Kf8 35. Kf2 Nd7 36. Bd1 f6 37. Bd2 Bc5 38. g4 Ne5 39. Be2 g5 40. h3 Ke7 41.
Bf1 Kd6 42. Ke2 h6 43. Be1 Kc6 44. Bg2 Bd6 45. Bg3 Kc5 1/2-1/2

[Event "Pere Noel"]
[Site "Montreal CAN"]
[Date "2018.12.30"]
[Round "5.12"]
[White "Guipi Bopala, Prince Eric jr"]
[Black "Mahdjoubi, Abdelaziz"]
[Result "1-0"]
[WhiteElo "1797"]
[BlackElo "1885"]
[PlyCount "113"]
[EventDate "2018.12.26"]
[EventType "swiss"]
[EventRounds "5"]
[EventCountry "CAN"]

1. d4 Nf6 2. Bf4 g6 3. Nc3 Bg7 4. e4 d6 5. Qd2 Nc6 6. O-O-O Nh5 7. Be3 f5 8.
Nf3 fxe4 9. Nxe4 Bf5 10. Ng3 Nxg3 11. hxg3 Bg4 12. Be2 Qd7 13. d5 Bxf3 14. gxf3
Ne5 15. Qb4 a6 16. f4 Nf7 17. Qxb7 O-O 18. Bd4 Rfb8 19. Qc6 Qxc6 20. dxc6 Nd8
21. Bf3 Bxd4 22. Rxd4 Rb6 23. f5 g5 24. Rg4 Kg7 25. Rxg5+ Kf6 26. Rg8 Rab8 27.
Rxh7 Nf7 28. Rxb8 Rxb8 29. g4 Ne5 30. Be2 Rb4 31. g5+ Kxg5 32. Rxe7 Rb6 33.
Rxc7 Nxc6 34. Rc8 Kxf5 35. Ra8 a5 36. Ra6 Rxa6 37. Bxa6 Nb4 38. Bc4 d5 39. Bb3
Ke4 40. Kd2 Na6 41. f3+ Kxf3 42. Bxd5+ Kf4 43. Kc3 Ke3 44. a3 Nc7 45. Bc6 Ne6
46. b4 axb4+ 47. axb4 Kf4 48. b5 Ke5 49. Kb4 Kd6 50. c4 Nc5 51. Ka5 Kc7 52. Bd5
Nd7 53. Ka6 Nb6 54. Be6 Na4 55. Ka7 Nc5 56. b6+ Kd6 57. b7 1-0

[Event "Pere Noel"]
[Site "Montreal CAN"]
[Date "2018.12.30"]
[Round "5.13"]
[White "Zhe, Jia"]
[Black "Salazar, Andres"]
[Result "0-1"]
[WhiteElo "1951"]
[BlackElo "1768"]
[PlyCount "96"]
[EventDate "2018.12.26"]
[EventType "swiss"]
[EventRounds "5"]
[EventCountry "CAN"]

1. Nf3 c5 2. c4 Nf6 3. g3 Nc6 4. Nc3 d6 5. Bg2 e5 6. d3 Be6 7. O-O Qd7 8. a3
Bh3 9. Nd5 Bxg2 10. Kxg2 Nxd5 11. cxd5 Ne7 12. e4 Ng6 13. b4 b6 14. h4 h5 15.
Rh1 Be7 16. Ng1 f5 17. f4 exf4 18. Bxf4 Bf6 19. Ra2 Nxf4+ 20. gxf4 fxe4 21.
dxe4 Qg4+ 22. Qxg4 hxg4 23. Kg3 g5 24. fxg5 Bxg5 25. Kxg4 Bh6 26. Nf3 O-O 27.
Ng5 c4 28. Ne6 Rfc8 29. Kh5 Kh7 30. Rf2 c3 31. Rf7+ Kg8 32. Rf6 Be3 33. Rh3 Bd2
34. Rg6+ Kh8 35. Rg7 c2 36. Rf7 Bc3 37. Rh1 Bb2 38. Kh6 c1=Q+ 39. Rxc1 Bxc1+
40. Kg6 Rg8+ 41. Kf5 Rg1 42. Rd7 Rf1+ 43. Kg4 Rg8+ 44. Kh5 Rf6 45. Ng5 Bxg5 46.
hxg5 Rfg6 47. Rxa7 Rxg5+ 48. Kh6 R8g6# 0-1

[Event "Pere Noel"]
[Site "Montreal CAN"]
[Date "2018.12.30"]
[Round "5.14"]
[White "Jean, Robert"]
[Black "Steinberg, Ellis"]
[Result "1-0"]
[WhiteElo "1726"]
[BlackElo "1929"]
[PlyCount "67"]
[EventDate "2018.12.26"]
[EventType "swiss"]
[EventRounds "5"]
[EventCountry "CAN"]

1. d4 Nf6 2. c4 g6 3. Nc3 Bg7 4. e4 d6 5. f3 b6 6. Be3 c5 7. Qd2 cxd4 8. Bxd4
Nc6 9. Be3 Bb7 10. Nh3 Rc8 11. Be2 O-O 12. Nf2 Nd7 13. Bh6 Nce5 14. Bxg7 Kxg7
15. b3 a6 16. h4 h5 17. g4 Nf6 18. gxh5 Nxh5 19. f4 Ng3 20. Rg1 Nxe2 21. Qxe2
Nc6 22. h5 e6 23. O-O-O Qf6 24. Qd2 b5 25. Ng4 Qd8 26. f5 Rh8 27. f6+ Kf8 28.
hxg6 fxg6 29. Qg5 Qc7 30. Rh1 Rg8 31. f7 Kxf7 32. Rdf1+ Ke8 33. Nf6+ Kd8 34.
Nfd5+ 1-0

[Event "Premiers Flocons"]
[Site "Gatineau CAN"]
[Date "2018.11.27"]
[Round "1"]
[White "Jobin, Gilles G"]
[Black "Piche, Guy"]
[Result "1/2-1/2"]
[WhiteElo "1767"]
[BlackElo "1606"]
[PlyCount "71"]
[EventDate "2018.11.27"]
[EventType "swiss"]
[EventRounds "4"]
[EventCountry "CAN"]

1. e4 e6 2. b3 d5 3. Bb2 Nf6 4. e5 Ng8 5. d4 c5 6. f4 Nc6 7. Nf3 Bd7 8. c3 cxd4
9. Nxd4 Bc5 10. Nxc6 Bxc6 11. Qg4 g6 12. Bd3 h5 13. Qe2 Nh6 14. b4 Be7 15. Na3
d4 16. Bb5 dxc3 17. Bxc3 Qc7 18. Rc1 Qb6 19. Bxc6+ bxc6 20. Nc4 Qb8 21. Qe4 O-O
22. Na5 c5 23. Nc6 Qb7 24. Nxe7+ Qxe7 25. bxc5 Qxc5 26. Bd2 Qb6 27. Rc6 Qb7 28.
O-O Rac8 29. Rfc1 Rxc6 30. Qxc6 Qb2 31. Qc3 Rb8 32. Rc2 Qb1+ 33. Bc1 Rd8 34. h3
Nf5 35. Rd2 Qb6+ 36. Kh2 1/2-1/2

[Event "Premiers Flocons"]
[Site "Gatineau CAN"]
[Date "2018.11.27"]
[Round "2"]
[White "Arcand, Pierre"]
[Black "Ethier, Valori"]
[Result "1/2-1/2"]
[WhiteElo "1161"]
[BlackElo "1410"]
[PlyCount "120"]
[EventDate "2018.11.27"]
[EventType "swiss"]
[EventRounds "4"]
[EventCountry "CAN"]

1. e4 c6 2. Nf3 d5 3. e5 Bf5 4. d4 e6 5. Be2 c5 6. c3 Nd7 7. O-O Qc7 8. h3 h6
9. Bd3 Ne7 10. Bb5 c4 11. Qa4 a6 12. Bxd7+ Qxd7 13. Qxd7+ Kxd7 14. b3 b5 15.
Ba3 Nc6 16. Bxf8 Rhxf8 17. Nbd2 a5 18. bxc4 bxc4 19. a4 Rfb8 20. Nb1 Rb2 21.
Na3 Rab8 22. Nb5 Ke7 23. Rfd1 Bc2 24. Rd2 Rb1+ 25. Rxb1 Bxb1 26. Rb2 Bf5 27.
Nh4 Bh7 28. Rd2 Bd3 29. f4 Rb7 30. Rf2 g6 31. g4 Kf8 32. f5 g5 33. Ng2 exf5 34.
gxf5 Ne7 35. f6 Nc8 36. Ne3 Be4 37. Nf5 Bxf5 38. Rxf5 Nb6 39. Nd6 Rd7 40. Kh2
Nxa4 41. h4 Nxc3 42. hxg5 hxg5 43. Rxg5 Ne4 44. Rh5 Kg8 45. Nf5 c3 46. Ne7+
Rxe7 47. fxe7 Nf6 48. Rg5+ Kh7 49. Rg1 Ne8 50. Rc1 f6 51. exf6 Nxf6 52. Rxc3
Kg7 53. Rc5 Kf7 54. Rxa5 Kxe7 55. Kg2 Ng4 56. Ra6 Ne3+ 57. Kf3 Nf5 58. Kf4 Nxd4
59. Ke5 Nb5 60. Re6+ Kd7 1/2-1/2

[Event "Premiers Flocons"]
[Site "Gatineau CAN"]
[Date "2018.12.04"]
[Round "2"]
[White "Cayen, Jean-Philippe"]
[Black "Berthiaume, Serge"]
[Result "0-1"]
[WhiteElo "1433"]
[BlackElo "1432"]
[PlyCount "50"]
[EventDate "2018.11.27"]
[EventType "swiss"]
[EventRounds "4"]
[EventCountry "CAN"]

1. g3 d5 2. e3 Bf5 3. Bg2 e6 4. b3 Nf6 5. Bb2 Nbd7 6. d3 c6 7. Nd2 Bd6 8. Qe2
Qa5 9. c3 Ba3 10. O-O-O Bxb2+ 11. Kxb2 Nc5 12. e4 dxe4 13. Bxe4 Nfxe4 14. dxe4
Qb6 15. b4 a5 16. a3 axb4 17. cxb4 O-O 18. Rc1 Na4+ 19. Kb3 c5 20. Rc4 e5 21.
Ngf3 f6 22. Qe3 Qe6 23. bxc5 b5 24. Rhc1 bxc4+ 25. Rxc4 Rfb8+ 0-1

[Event "Premiers Flocons"]
[Site "Gatineau CAN"]
[Date "2018.12.11"]
[Round "3"]
[White "Berthiaume, Serge"]
[Black "Desjardins, Alexandre"]
[Result "0-1"]
[WhiteElo "1432"]
[BlackElo "1955"]
[PlyCount "66"]
[EventDate "2018.11.27"]
[EventType "swiss"]
[EventRounds "4"]
[EventCountry "CAN"]

1. d4 d5 2. Bf4 c5 3. e3 Nc6 4. Nf3 Nf6 5. Nc3 Bf5 6. Bb5 e6 7. Ne5 Rc8 8. Nxc6
bxc6 9. Bd3 cxd4 10. exd4 Bxd3 11. Qxd3 Qb6 12. O-O Be7 13. a3 a5 14. Ne2 O-O
15. c3 c5 16. c4 cxd4 17. cxd5 Nxd5 18. Be5 Qxb2 19. Bxd4 Qc2 20. Qf3 Qa4 21.
Qg3 Bf6 22. Bxf6 Nxf6 23. Rfd1 Rfd8 24. Rxd8+ Rxd8 25. Nc3 Qd4 26. Qf3 Qc5 27.
Rd1 Rxd1+ 28. Qxd1 Nd5 29. Nxd5 exd5 30. g3 g6 31. Qf3 d4 32. h4 Kg7 33. Qd3
Qc3 0-1

[Event "Premiers Flocons"]
[Site "Gatineau CAN"]
[Date "2018.12.11"]
[Round "3"]
[White "Boutin, Michel"]
[Black "Raymond, Daniel"]
[Result "0-1"]
[WhiteElo "1179"]
[BlackElo "1761"]
[PlyCount "104"]
[EventDate "2018.11.27"]
[EventType "swiss"]
[EventRounds "4"]
[EventCountry "CAN"]

1. e4 c5 2. d3 Nc6 3. Nf3 d6 4. Be2 Nf6 5. h3 e6 6. Bg5 Be7 7. c3 O-O 8. Nbd2
Rb8 9. O-O b5 10. Nb3 h6 11. Bh4 e5 12. Bxf6 Bxf6 13. d4 exd4 14. cxd4 c4 15.
Nc1 Re8 16. d5 Bxb2 17. Rb1 Bxc1 18. dxc6 Ba3 19. Bxc4 a6 20. Bd3 Bc5 21. a4 b4
22. Qe2 Qb6 23. c7 Ra8 24. e5 dxe5 25. Qe4 Bb7 26. Qh7+ Kf8 27. Rbe1 Bd4 28.
Qh8+ Ke7 29. Qxg7 Bxf3 30. Rxe5+ Bxe5 31. Qxe5+ Qe6 32. Qc5+ Kf6 33. Qd4+ Qe5
34. Qb6+ Kg7 35. gxf3 Qe6 36. Qd4+ Qf6 37. Qg4+ Qg5 38. Qxg5+ hxg5 39. Be4 Ra7
40. Rc1 Rc8 41. Rb1 a5 42. Rc1 Rcxc7 43. Rxc7 Rxc7 44. Kg2 b3 45. Kg3 Kf6 46.
f4 b2 47. fxg5+ Kxg5 48. h4+ Kh6 49. f4 Rc1 50. Kg4 b1=Q 51. Bxb1 Rxb1 52. f5
f6 0-1

[Event "Premiers Flocons"]
[Site "Gatineau CAN"]
[Date "2018.12.11"]
[Round "3"]
[White "Gagnon, Fabien"]
[Black "Fex, John"]
[Result "1-0"]
[WhiteElo "1900"]
[BlackElo "1354"]
[PlyCount "51"]
[EventDate "2018.11.27"]
[EventType "swiss"]
[EventRounds "4"]
[EventCountry "CAN"]

1. Nf3 d6 2. d4 Nf6 3. c4 b6 4. Nc3 Bb7 5. e3 e6 6. Bd3 h6 7. O-O Be7 8. e4 c5
9. d5 e5 10. Ne1 g5 11. Be2 Bc8 12. Nc2 Qd7 13. Ne3 Qb7 14. a3 h5 15. b4 a6 16.
bxc5 dxc5 17. Rb1 Bd6 18. Qb3 Bc7 19. f3 Kf8 20. Na4 Nbd7 21. Nf5 g4 22. Bh6+
Ke8 23. Be3 Rb8 24. Qd3 Nf8 25. Ng7+ Kd7 26. Nxc5+ 1-0